000 00765nam a2200241 a 4500
001 69559
003 BD-RjUL
005 20211209081913.0
008 170412r19641963mdua b 001 0 eng d
035 _a(BD-RjUL)69771
040 _aDLC/ICU
_cICU
_dBD-RjUL
_beng
041 _aeng
082 0 0 _a612.646
_223
_bLAM 1964
100 1 _aLangman, Jan.
_9206038
245 1 0 _aMedical embryology :
_bhuman development, normal and abnormal /
_cJan Langman
260 _aBaltimore :
_bWilliams and Wilkins Co.,
_cc1963 [Reprinted 1964]
300 _a335 p. :
_bill. ;
_c24 cm.
500 _aIllustrations by Jill Leland
504 _aIncludes bibliography and index.
650 0 _aEmbryology, Human.
_9206039
650 0 _aAbnormalities, Human.
_9206040
942 _2ddc
_cBK
999 _c69559
_d69559